Technological substitution forecasting techniques and applications

Saved in:
Bibliographic Details
Other Authors: Linstone, Harold A., Sahal, Devendra
Format: Book
Language:English
Published: New York American Elsevier Pub. Co. 1976
Tags: Add Tag
No Tags, Be the first to tag this record!

MARC

LEADER 00000nam a2200000 4500
001 0214930
005 20240109105442.4
041 0 |a eng 
044 |a US 
245 1 0 |a Technological substitution  |b forecasting techniques and applications  |c ed. Harold A. Linstone, Devendra Sahal 
264 1 |a New York  |b American Elsevier Pub. Co.  |c 1976 
300 |a 288 s. 
700 1 |a Linstone, Harold A. 
700 1 |a Sahal, Devendra